Výpočet kritických momentov podľa približných normových vzťahov.

Gespeichert in:
Bibliographische Detailangaben
1. Verfasser: Bobák, Marek, 1987- (Verfasst von)
Weitere Verfasser: Koleková, Yvonna, 1959- (Betreuung Doktorarbeit)
Format: Manuskript Buch
Sprache:Slowakisch
Veröffentlicht: Bratislava : STU v Bratislave SvF, 2014
Schlagworte:
Online-Zugang:VAIS
https://opac.crzp.sk/?fn=detailBiblioForm&sid=92966E43A3D63D5709232CA5D87D
Tags: Tag hinzufügen
Keine Tags, Fügen Sie das erste Tag hinzu!

MARC

LEADER 00000ntm a22000003a 4500
001 stu297824
005 20231115142859.6
008 140919s2014----xo------------------slo-d
040 |a STU  |b slo 
041 0 |a slo 
044 |a xo 
100 1 |a Bobák, Marek,  |d 1987-  |4 aut  |u V  |T SvF Stavebná fakulta  |X 49137  |U V  |Y 10  |7 A000049137 
242 0 0 |a VÝPOČET KRTITICKÝCH MOMENTOV PODĽA PRIBLIŽNÝCH NORMOVÝCH VZŤAHOV  |y eng 
245 1 |a Výpočet kritických momentov podľa približných normových vzťahov. 
260 |a Bratislava :  |b STU v Bratislave SvF,  |c 2014 
650 7 |a inžinierske konštrukcie a dopravné stavby  |2 stusub 
650 7 |a Structural and Transportation Engineering  |2 estusub 
650 7 |a resistance  |2 estusub 
650 7 |a stability  |2 estusub 
700 1 |a Koleková, Yvonna,  |d 1959-  |4 ths  |u V250  |U SvF Stavebná fakulta  |T SvF Katedra stavebnej mechaniky  |X 795  |U V250  |Y 26  |7 A000000795 
856 4 |a info a plný text  |u http://is.stuba.sk/zp/portal_zp.pl?podrobnosti=108412  |3 VAIS 
856 4 |a CRZP  |u https://opac.crzp.sk/?fn=detailBiblioForm&sid=92966E43A3D63D5709232CA5D87D